000 01377nam a2200337 i 4500
003 EG-GICUC
005 20260121101214.0
008 251112b1970 ua ||||f |||| 00| 0 ara d
040 _a EG-GICUC
_c EG-GICUC
_d EG-GICUC
_erda
_bara
041 _aara
082 0 4 _221
_a345.5
_bس ي . م
099 _aLaw1 07 345.5 س ي . م 1970
100 0 _aسيد أحمد عبد الجواد
_eمؤلف.
245 1 0 _aموازنة الأداء لخدمة الكفاءة في الحكومة /
_cإعداد سيد أحمد البواب.
264 1 _aالقاهرة :
_bجامعة الدول العربية - المنظمة العربية للعلوم الإدارية، مركز البحوث الإدارية،
_c1970.
300 _a30 صفحة :
_bجداول ؛
_c24 سم.
336 _2rda content
_atext
337 _2rda media
_aComputer
338 _2rda carrier
_aOnline Resource
490 _v65
504 _aيشتمل على ارجاعات ببليوجرافية.
504 _aببليوجرافيا : صفحة 30
546 _aالنص باللغة العربية
650 1 7 _aالقانون الإداري
_2qrmak
650 1 7 _aالميزانية
_2qrmak
_xإدارة مالية
650 1 4 _aالكفاءة الإدارية
651 1 _a
856 4 0 _uhttps://fll.law.cu.edu.eg/fulltext/bks/B07-00242.pdf
905 _a73
_eEman
942 _2ddc
_n0
_cBK
_e21
999 _c42812
_d42812